000 00499nam a22001697a 4500
003 BD-ChCU
005 20251203133003.0
008 251203b bg ||||| |||| 00| 0 ben d
040 _cBD-ChCU
082 _a909.08 STE
100 _aStavrianos , L.S. ed.
_917422
245 _a The epic of modern man :
_ba collection of readings ./
_cL.S. Stavrianos.
260 _aEnglewood Cliffs :
_bPrentice -hall ,
_cC 1966
300 _axvi , 557p
650 0 _aWorld history.
_917425
942 _2ddc
_cBK
_n0
999 _c110100
_d110100